000 00427nam a2200169Ia 4500
008 100917s9999 xx 000 0 und d
082 _b3381
100 _aनिरंतर ग. भा.
245 _aजीवन नृत्य
260 _b---
365 _b1.5
520 _aकथा
630 _aजीवन नृत्य
650 _aकथा
730 _aजीवन नृत्य
942 _cBOOK
999 _c608775
_d608772